01063 2200325 4500001002100000005001500021035002000036007000300056008004100059020002200100040002200122082001700144084001900161090002300180090002200203100002800225245012900253250003500382300004900417650002900466700003700495700003900532850001200571264003600583336002100619337003000640338002300670999002200693990002200715INLIS00000000085745420210315110331 a0010-0321000477ta210310t2019 yoia g ind d a978-623-02-0283-4 aYOPDYOGbinderda04223a657.0285 a657.0285 RIZ p aDEP 657.0285 RIZ p aCB-D.11 2019-34410 aRizki Indrawanepenulis10aPendekatan teori & praktik praktika aplikasi akuntansi /cpenulis, Rizki Indrawan, Ifan Wicaksana Siregar, Nia Dwi Anggraeni aCetakan pertama, November 2019 ax, 140 halaman :bilustrasi, gambar ;c20 cm 4aKomputer dalam akuntansi3 aSiregar, Ifan Wicaksanaepenulis0 aNia Dwi Anggraeni,d1997-epenulis aYOPDYOG31aYogyakarta :bDeepublish,c2019 2rdacontentateks 2rdamediaatanpa perantara 2rdacarrieravolume aCB-D.11/2019-3441 aCB-D.11/2019-3441